000 00388nam a22001337a 4500
008 230621b xxu||||| |||| 00| 0 eng d
082 _a328.4
_bSOC
100 _cSOC
245 _aThe Table
_bThe Journal of the Society of Clerks-at-the-table in Commonwealth Parliaments
260 _aLondon
_bDavid Batt and Gavin Devine
_c1998
300 _a216p
440 _vvolume 66
942 _2ddc
_cBK
999 _c2180
_d2180